Diabetes (Record no. 61445)

MARC details
000 -LÍDER
campo de controle de tamanho fixo 00282 a2200145 4500
001 - NÚMERO DE CONTROLE
campo de controle 61445
020 ## - ISBN - INTERNATIONAL STANDARD BOOK NUMBER
ISBN - International Standard Book Number 8575564986
040 ## - FONTE DA CATALOGAÇÃO
Instituição que transcreveu o registro Anchieta - Pituba
100 ## - ENTRADA PRINCIPAL--NOME PESSOAL
Nome pessoal Cardoso, Joel
240 10 - TÍTULO UNIFORME
Título uniforme Diabetes
Idioma da obra por
245 10 - TÍTULO
Título Diabetes
300 ## - DESCRIÇÃO FÍSICA
Extensão 82
650 #4 - ASSUNTO--TERMO TÓPICO
Cabeçalho tópico ou nome geográfico Diabetes
942 ## - ELEMENTOS DE ENTRADA ADICIONADOS (KOHA)
Tipo de material Koha Livros
Holdings
Situação do descarte Situação das perdas Situação física Não pode ser emprestado Biblioteca de origem Biblioteca atual Data de aquisição Total de empréstimos Número de chamada completo Código de barras Data de último acesso Data do preço efetivo Tipo de material Koha
        Colégio Anchieta - Pituba Colégio Anchieta - Pituba 21/11/2023   616.462 D536d DIA 13477/PIT 21/11/2023 21/11/2023 Livros